Ecosystems and human well-being : (Record no. 17640)
[ view plain ]
| 000 -LEADER | |
|---|---|
| fixed length control field | 00739nam a22002297a 4500 |
| 003 - CONTROL NUMBER IDENTIFIER | |
| control field | OSt |
| 005 - DATE AND TIME OF LATEST TRANSACTION | |
| control field | 20190703123421.0 |
| 008 - FIXED-LENGTH DATA ELEMENTS--GENERAL INFORMATION | |
| fixed length control field | 190703b ||||| |||| 00| 0 eng d |
| 020 ## - INTERNATIONAL STANDARD BOOK NUMBER | |
| International Standard Book Number | 1559633913 |
| 020 ## - INTERNATIONAL STANDARD BOOK NUMBER | |
| International Standard Book Number | 9781559633918 |
| 040 ## - CATALOGING SOURCE | |
| Original cataloging agency | SEKU |
| 050 ## - LIBRARY OF CONGRESS CALL NUMBER | |
| Classification number | GF 50 |
| Item number | .E21 |
| 130 ## - MAIN ENTRY--UNIFORM TITLE | |
| Uniform title | Ecosystems and Human Well-being : Scenarios, Volume 2. |
| 245 ## - TITLE STATEMENT | |
| Title | Ecosystems and human well-being : |
| Remainder of title | finding of the scenarios working group / |
| Statement of responsibility, etc. | Edited by Steve R. Carpenter...et al. |
| 260 ## - PUBLICATION, DISTRIBUTION, ETC. (IMPRINT) | |
| Place of publication, distribution, etc. | Washington : |
| Name of publisher, distributor, etc. | Island Press, |
| Date of publication, distribution, etc. | 2005. |
| 300 ## - PHYSICAL DESCRIPTION | |
| Extent | 560 p. : |
| Other physical details | ill. |
| 504 ## - BIBLIOGRAPHY, ETC. NOTE | |
| Bibliography, etc | Includes bibliographical references and index. |
| 650 ## - SUBJECT ADDED ENTRY--TOPICAL TERM | |
| Topical term or geographic name as entry element | Ecosystem |
| 650 ## - SUBJECT ADDED ENTRY--TOPICAL TERM | |
| Topical term or geographic name as entry element | Ecosystem assessment |
| 700 ## - ADDED ENTRY--PERSONAL NAME | |
| Personal name | Carpenter, Steve R. |
| 942 ## - ADDED ENTRY ELEMENTS (KOHA) | |
| Source of classification or shelving scheme | Library of Congress Classification |
| Koha item type | General circulation |
| Withdrawn status | Lost status | Source of classification or shelving scheme | Damaged status | Not for loan | Home library | Current library | Shelving location | Date acquired | Source of acquisition | Total Checkouts | Full call number | Barcode | Date last seen | Price effective from | Koha item type |
|---|---|---|---|---|---|---|---|---|---|---|---|---|---|---|---|
| Library of Congress Classification | Kitui Town Campus Library | Kitui Town Campus Library | General Stacks | 25/03/2025 | GF 50 .E21 | 2024/027190 | 25/03/2025 | 25/03/2025 | General circulation | ||||||
| Library of Congress Classification | Kitui Town Campus Library | Kitui Town Campus Library | General Stacks | 25/03/2025 | GF 50 .E21 | 2024/027191 | 25/03/2025 | 25/03/2025 | General circulation | ||||||
| Library of Congress Classification | Main Campus Library | Main Campus Library | General Stacks | 03/07/2019 | Donation | GF 50 .E21 | 6134 | 03/07/2019 | 03/07/2019 | General circulation |